000 00545cam a2200193 4500
008 000000n2000 000 0 eng u
020 _a0860178382
035 _a(Sirsi) u110180
050 _a333.337
100 _aBirnstingl, J
245 _aLow temperature thermal desorption hydrocarbon PCB remediation case studies.
260 _aLondon
_bCIRIA
_c2000
300 _a56p. ; 30cm.
490 _aProject Report
_v38
650 _aCONTAMINATED LAND
650 _aCONTAMINATED WASTE
690 _aENVIRONMENT-CONTAMINATION
942 _n0
999 _c101069
_d101069